| 000 | 00523 a2200157 4500 | ||
|---|---|---|---|
| 020 | _a9788131711125 | ||
| 040 |
_aDLC _bDLC |
||
| 082 | _a621.395 | ||
| 100 | _aCiletti, Michael D. | ||
| 245 |
_aAdvanced Digital Design with the Verilog HDL _cCiletti, Michael D. |
||
| 260 |
_aIndia _bPearson Education _c2009 |
||
| 300 | _a1004 p | ||
| 500 | _aIncludes Index | ||
| 650 | _a1. Digital Electronics 2. Logic circuits --Computer-aided design. 3. Verilog (Computer hardware description language) | ||
| 942 |
_cBK _k621.395 CIL _2ddc |
||
| 999 |
_c9625 _d9625 |
||